| 000 | 01186cad a22002415a 4500 | ||
|---|---|---|---|
| 001 | L151981 | ||
| 008 | 110117s2010 xxkbdo f s 000 0 eng d | ||
| 035 | _a(Sirsi) u151981 | ||
| 041 | 0 | _aeng | |
| 050 | 0 | 4 | _a333.33 $2 18 |
| 110 | 2 |
_aGrubb & Ellis _95905 |
|
| 245 | 0 | 0 |
_a2011 _breal estate forecast _h[electronic resource] |
| 260 |
_a[S.l] _bGrubb & Ellis _c2010 |
||
| 490 | 0 |
_aGrubb & Ellis Real Estate Forecast _v2011 |
|
| 505 | 2 | _aOverview -- Office -- Industrial -- Retail -- Investment -- Multi housing -- Hospitality -- Senior housing -- Medical office -- Selected specialities -- Company profile -- Grubb & Ellis research -- Office Directory -- Contributors and sources | |
| 520 | _aForecasts US real estate performance for 2011 providing a national overview and analyses of the main sectoral and speciality markets. | ||
| 590 | _aKA NTK | ||
| 651 | 4 |
_aUnited States _y1959- |
|
| 690 | _aPROPERTY-COMMERCIAL PROPERTY-COMMERCIAL PROPERTY MARKET | ||
| 690 | _aPROPERTY-COMMERCIAL PROPERTY-COMMERCIAL PROPERTY FINANCE AND INVESTMENT | ||
| 856 | 4 | 0 |
_uhttps://www.grubb-ellis.com/Forecast2011/Default.htm _zView the forecast free of charge at www.grubb-ellis.com |
| 942 | _n0 | ||
| 999 |
_c111775 _d111775 |
||